000 00967nas a2200301 4500
001 BR2013010645
003 BR-BrBNA
005 20231205123518.0
007 ta
008 230509b bl.|||p| |||| 00| 00por d
040 _aBR-BrBNA
_bpor
_cBiblioteca Nacional de Agricultura
041 _a(Pt)
072 _aF61
100 1 _aCarvalho, M.
100 1 _aMachado, R.C.R.
100 1 _aAhnert, D.
100 1 _aSodré, G.A.
100 1 _aSacramento, C.K. do
245 1 _aAvaliação da composição e distribuição mineral em componentes foliares de paricá (Schizolobium amazonicum Huber ex Ducke)
650 _aPARICÁ
650 _aÁRVORE ANGIOSPERMA
650 _aABSORÇÃO DE NUTRIENTES
650 _aFISIOLOGIA NUTRICIONAL
773 0 _tAgrotrópica (Brazil)
_xISSN 0103-3816
_g(Jan-Apr 2013), v. 25(1) p. 53-60
_wBR2013010645
856 4 0 _dLink DSPACE/MAPA BR2013010645
909 _a202311
_bLúcia
_c55
_dLúcia Elande
942 _2AGRIS
_n0
_cANA
999 _c234288
_d234288